=LDR 00000nam 2200000 4500 =001 INLIS000000000012938 =005 20130612104417 =008 ***********************************Ind** =035 ##$$0010-061300000012938 =041 ##$$a Ind =082 ##$$a 153.9 =090 ##$$a 153.9, Agu r =100 ##$$a Agustina, Ary Ginanjar =245 ##$$a Rahasia Sukses Membagkitkan EIQ Power, Sebuah inner Jenrevy Melalui al-Ihsan, Ary Gimanjar Agustian =260 ##$$a 2004 $b Jakarta =300 ##$$a iii, 320 hlm., 23 cm =650 ##$$a Intelegensi Manusia =850 ##$$a NBPNMAT